| 000 | 01023nam a22002777a 4500 | ||
|---|---|---|---|
| 003 | OSt | ||
| 005 | 20260601193858.0 | ||
| 008 | 260421b2003 mx a|||| |||| 00| 0 spa d | ||
| 020 | _a9789709718539 | ||
| 040 |
_aICI _bspa _cICI |
||
| 050 |
_aF1234.Z3 _bE57 |
||
| 100 | _eautor | ||
| 245 |
_aEmiliano Zapata : _bcomo lo vieron los zapatistas / _cilustraciones, Fernando Robles ; selección de textos, Laura Espejel |
||
| 264 |
_aMéxico, D.F. : _bTecolote, _c 2006 |
||
| 300 |
_a55 páginas : _bilustraciones |
||
| 336 |
_2rdacontent _atexto |
||
| 337 |
_2rdamedia _asin medio |
||
| 338 |
_2rdacarrier _avolumen |
||
| 502 | _aReimpresiones: (1a, 2009) | ||
| 600 |
_a Zapata, Emiliano, _d1879-1919 _vObras ilustradas _933343 |
||
| 650 |
_aRevolucionarios _xNarraciones personales _zMéxico _933344 |
||
| 651 |
_aMéxico | _vObras ilustradas _xHistoria _y Revolución, 1910-1920 _933345 |
||
| 700 |
_aRobles, Fernando, _d1948- , _e ilustrador _933346 |
||
| 700 |
_aEspejel López, Laura, _e compilador _933347 |
||
| 942 |
_2lcc _cB |
||
| 999 |
_c22121 _d22121 |
||